Družstvu v Trenčianskej Turnej pomáha k úspechu aj správny manažment

Bibliographic Details
Main Author: Tribečský, Emil (Author)
Format: Article
Language:Slovak
PhysicalDescription:Fotogr.
ISSN:0231-6617
Subjects:

MARC

LEADER 00000nab a2200000 a 4500
001 vtls000806391
003 SK-MaSNL
005 20260305030429.0
008 180206c2002 xo 0 slo
015 |a SNBRB2002/09-28514 
035 |a CLN000158046 
040 |a SNKBUCL  |b slo  |c SNKBUCL  |e AACR2 
041 0 |a slo 
044 |a xo  |c SK 
080 |a 631.115.6(437.6)  |2 UDC-MRF-SK2 
100 1 |a Tribečský, Emil  |4 aut  |9 840292 
245 1 0 |a Družstvu v Trenčianskej Turnej pomáha k úspechu aj správny manažment  |c Emil Tribečský 
300 |b Fotogr. 
610 7 |a Poľnohospodárske družstvo (Trenčianska Turná, Slovensko)  |2 snkbucl  |9 1607366 
651 7 |a Trenčín (Slovensko : okres)  |2 snkbucl  |9 75018 
655 7 |a články z novín a časopisov  |2 snkbucl  |9 267496 
773 0 |x 0231-6617  |t Roľnícke noviny  |g Č. 157 (15.8.2002) 
773 0 |x 0231-6617  |t [Príl.] Agrárne ozveny  |g S. 3 
850 |a Slovenská národná knižnica v Martine 
852 |a SNK  |b KIS3GCP 
958 |a RBX 
999 |c 3311413  |d 3313343